000 00478nam a2200145 a 4500
001 000043234
005 20201002040739.0
008 140226s2013 dr 000 0 spa d
040 _aDO-SdBNP
_bspa
_cBNPHU
100 1 _aBarina, Indiana
_970825
245 1 0 _aResumen del proyecto de ley sobre salud sexual y salud reproductiva /
_cIndiana Bariana, Zobeida Cepeda.
260 _aSanto Domingo :
_bProfamilia,
_c2013.
300 _a11 p. ;
_c29 cm.
700 1 2 _aCepeda, Zobeida
_970826
999 _c42723
_d42723